000
00281nam a2200121Ia 4500
008
220204s9999 xx 000 0 und d
082
_a
631.4(540)
_b
ALE
245
0
_a
Soils of India.
260
_a
New Delhi
_b
FAI
_c
1972
650
_a
Soils
700
_a
ALEXANDER, T M
942
_c
BK
999
_c
22676
_d
22676